|
|
|
|
| LEADER |
00000cam a2200000 7i4500 |
| 001 |
0000094664 |
| 005 |
20250114161000.0 |
| 008 |
|
| 020 |
|
|
|a 9786294820272 (
|q paperback)
|
| 040 |
|
|
|e rda
|
| 041 |
|
|
|a Malay
|
| 090 |
0 |
0 |
|a EDU
|b MAL
|
| 100 |
1 |
|
|a Bedoyere,Camilla de la ,
|e (author)
|
| 245 |
1 |
0 |
|a Ingin tahu jawapan bagi pelbagai soalan tentang haiwan
|c Camilla de la Bedoyere
|
| 264 |
|
1 |
|a Selangor, Malaysia :
|b Mind to Mind (M) Sdn.Bhd.
|c [ ? ]
|
| 300 |
|
|
|a 32 pages :
|b colour illustrations ;
|c 28 cm.
|
| 336 |
|
|
|a text
|2 rdacontent
|
| 337 |
|
|
|a unmediated
|2 rdamedia
|
| 338 |
|
|
|a volume
|2 rdacarrier
|
| 500 |
|
|
|a Children ages 10-12 years old (pink)
|
| 541 |
|
|
|c Purchased on 2024
|f 00717 BGV
|h RM20.00
|
| 650 |
|
0 |
|a Children's encyclopedias and dictionaries
|
| 650 |
|
0 |
|a Education
|x Children's book
|
| 700 |
1 |
|
|a Reeves,Pauline ,
|e (illustrator)
|
| 730 |
0 |
|
|a Title
|
| 999 |
|
|
|a 0001788995
|b Book
|c Children Collection
|e Perbadanan Perpustakaan Awam Johor
|
| 999 |
|
|
|a 0001788996
|b Book
|c Children Collection
|e Perbadanan Perpustakaan Awam Johor
|
| 999 |
|
|
|a 0001788997
|b Book
|c Children Collection
|e Cawangan AEON Kulaijaya
|
| 999 |
|
|
|a 0001788998
|b Book
|c Children Collection
|e Cawangan Kota Tinggi
|
| 999 |
|
|
|a 0001788999
|b Book
|c Children Collection
|e Cawangan Segamat
|
| 999 |
|
|
|a 0001789000
|b Book
|c Children Collection
|e Cawangan Muar
|
| 999 |
|
|
|a 0001789001
|b Book
|c Children Collection
|e Cawangan Tmn. Ungku Tun Aminah
|
| 999 |
|
|
|a 0001789002
|b Book
|c Children Collection
|e Perbadanan Perpustakaan Awam Johor
|
| 999 |
|
|
|a 0001789003
|b Book
|c Children Collection
|e Cawangan Taman Sri Lambak
|
| 999 |
|
|
|a 0001789004
|b Book
|c Children Collection
|e Cawangan Bandar Penawar
|
| 999 |
|
|
|a 0001789005
|b Book
|c Children Collection
|e Cawangan Tangkak
|
| 999 |
|
|
|a 0001789006
|b Book
|c Children Collection
|e Cawangan Mersing
|
| 999 |
|
|
|a 0001789007
|b Book
|c Children Collection
|e Cawangan Bukit Gambir
|
| 999 |
|
|
|a 0001789008
|b Book
|c Children Collection
|e Cawangan Pontian
|
| 999 |
|
|
|a 0001789009
|b Book
|c Children Collection
|e Cawangan Bandar Tenggara
|
| 999 |
|
|
|a 0001789010
|b Book
|c Children Collection
|e Cawangan Batu Pahat
|
| 999 |
|
|
|a 0001789011
|b Book
|c Children Collection
|e Perbadanan Perpustakaan Awam Johor
|
| 999 |
|
|
|a 0001792043
|b Book
|c Children Collection
|e Desa - PPAJ
|
| 999 |
|
|
|a 0001792044
|b Book
|c Children Collection
|e Desa - PPAJ
|
| 999 |
|
|
|a 0001792045
|b Book
|c Children Collection
|e Desa - PPAJ
|
| 999 |
|
|
|a 0001792046
|b Book
|c Children Collection
|e Desa - PPAJ
|
| 999 |
|
|
|a 0001792047
|b Book
|c Children Collection
|e Desa - PPAJ
|
| 999 |
|
|
|a 0001792048
|b Book
|c Children Collection
|e Desa - PPAJ
|
| 999 |
|
|
|a 0001792049
|b Book
|c Children Collection
|e Desa - PPAJ
|
| 999 |
|
|
|a 0001792050
|b Book
|c Children Collection
|e Desa - PPAJ
|
| 999 |
|
|
|a 0001792051
|b Book
|c Children Collection
|e Desa - PPAJ
|
| 999 |
|
|
|a 0001792052
|b Book
|c Children Collection
|e Desa - PPAJ
|
| 999 |
|
|
|a 0001792053
|b Book
|c Children Collection
|e Desa - PPAJ
|
| 999 |
|
|
|a 0001792054
|b Book
|c Children Collection
|e Desa - PPAJ
|
| 999 |
|
|
|a 0001792055
|b Book
|c Children Collection
|e Desa - PPAJ
|
| 999 |
|
|
|a 0001792056
|b Book
|c Children Collection
|e Desa - PPAJ
|
| 999 |
|
|
|a 0001792057
|b Book
|c Children Collection
|e Desa - PPAJ
|
| 999 |
|
|
|a 0001792058
|b Book
|c Children Collection
|e Desa - PPAJ
|
| 999 |
|
|
|a 0001792059
|b Book
|c Children Collection
|e Desa - PPAJ
|
| 999 |
|
|
|a 0001792060
|b Book
|c Children Collection
|e Desa - PPAJ
|
| 999 |
|
|
|a 0001792061
|b Book
|c Children Collection
|e Desa - PPAJ
|
| 999 |
|
|
|a 0001792062
|b Book
|c Children Collection
|e Desa - PPAJ
|
| 999 |
|
|
|a 0001792063
|b Book
|c Children Collection
|e Desa - PPAJ
|
| 999 |
|
|
|a 0001792064
|b Book
|c Children Collection
|e Desa - PPAJ
|
| 999 |
|
|
|a 0001792065
|b Book
|c Children Collection
|e Desa - PPAJ
|
| 999 |
|
|
|a 0001792066
|b Book
|c Children Collection
|e Desa - PPAJ
|
| 999 |
|
|
|a 0001792067
|b Book
|c Children Collection
|e Desa - PPAJ
|
| 999 |
|
|
|a 0001792068
|b Book
|c Children Collection
|e Desa - PPAJ
|
| 999 |
|
|
|a 0001792069
|b Book
|c Children Collection
|e Desa - PPAJ
|
| 999 |
|
|
|a 0001792070
|b Book
|c Children Collection
|e Desa - PPAJ
|
| 999 |
|
|
|a 0001792071
|b Book
|c Children Collection
|e Desa - PPAJ
|
| 999 |
|
|
|a 0001792072
|b Book
|c Children Collection
|e Desa - PPAJ
|
| 999 |
|
|
|a 0001792073
|b Book
|c Children Collection
|e Desa - PPAJ
|
| 999 |
|
|
|a 0001792074
|b Book
|c Children Collection
|e Desa - PPAJ
|
| 999 |
|
|
|a 0001792075
|b Book
|c Children Collection
|e Desa - PPAJ
|
| 999 |
|
|
|a 0001792076
|b Book
|c Children Collection
|e Desa - PPAJ
|
| 999 |
|
|
|a 0001792077
|b Book
|c Children Collection
|e Desa - PPAJ
|
| 999 |
|
|
|a 0001792078
|b Book
|c Children Collection
|e Desa - PPAJ
|
| 999 |
|
|
|a 0001792079
|b Book
|c Children Collection
|e Desa - PPAJ
|
| 999 |
|
|
|a 0001792080
|b Book
|c Children Collection
|e Desa - PPAJ
|
| 999 |
|
|
|a 0001792081
|b Book
|c Children Collection
|e Desa - PPAJ
|
| 999 |
|
|
|a 0001792082
|b Book
|c Children Collection
|e Desa - PPAJ
|
| 999 |
|
|
|a 0001792083
|b Book
|c Children Collection
|e Desa - PPAJ
|